000 00649nam a2200241Ia 4500
003 OSt
005 20220918223342.0
006 a|||||r|||| 00| 0
007 ta
008 220917b |||||||| |||| 00| 0 eng d
024 _a222,072
037 _cTextual
040 _aARTS
_cARTS
_beng
041 _2eng
_aeng
082 _aX:8.6, P4
100 _aJackson Terence
_931987
245 0 _aManagement and change in Africa
_b A cross-cultural perspective
260 _aLondon
_bRoutledge
_c2004
300 _axv, 298p
_ccm.
650 _aECONOMICS
942 _hX:8.6, P4
_cTEXL
_2CC
999 _c278250
_d278250